[Event "Gibraltar Open"]
[Site "Caleta ENG"]
[Date "2012.01.26"]
[Round "3.54"]
[White "Allor,C"]
[Black "Houska,Jo"]
[Result "1-0"]
[WhiteElo "2145"]
[BlackElo "2414"]

1.Nf3 d5 2.g3 Nf6 3.Bg2 e6 4.d4 Be7 5.c4 O-O 6.Nc3 dxc4 7.Qa4 a6 8.Qxc4 b5
9.Qb3 Bb7 10.O-O c5 11.dxc5 Nbd7 12.Rd1 Bxc5 13.Ne5 Bxg2 14.Kxg2 Qc7 15.Nxd7 Qb7+
16.f3 Nxd7 17.Ne4 Be7 18.Be3 Rac8 19.a4 b4 20.Nd6 Bxd6 21.Rxd6 Nc5 22.Qd1 b3
23.Ra3 h6 24.Bxc5 Rxc5 25.Rxb3 Qc8 26.Qd3 a5 27.Rc3 Qc7 28.Rd7 Qc6 29.Rd8 Rxd8
30.Qxd8+ Kh7 31.Qxa5 Rxa5 32.Rxc6 Rxa4 33.Rb6 e5 34.b4 h5 35.Rb7 f6 36.b5 Rb4
37.b6 Rb3 38.Kf2 Kg6 39.h4 Rb4 40.Ke3 Rb3+ 41.Ke4 Rb2 42.Kd5 Rxe2 43.Rc7 Rb2
44.b7 Rb4 45.Ke6 e4 46.fxe4 Rxe4+ 47.Kd7 Rb4 48.Kc8 Kf5 49.Rxg7 Rc4+  1-0

[Event "Gibraltar Open"]
[Site "Caleta ENG"]
[Date "2012.01.26"]
[Round "3.120"]
[White "Leimeister,W"]
[Black "Rough,R"]
[Result "1/2-1/2"]
[WhiteElo "1918"]
[BlackElo "1762"]

1.Nf3 d5 2.g3 c5 3.Bg2 Nc6 4.O-O Nf6 5.d3 e5 6.c4 d4 7.e3 Be7 8.exd4 exd4
9.Re1 O-O 10.a3 h6 11.Bf4 Bd6 12.Ne5 Nxe5 13.Bxe5 Bxe5 14.Rxe5 Qc7 15.Qe1 Be6
16.b4 Nd7 17.Re2 Bg4 18.Re7 Be6 19.bxc5 Qd8 20.Rxe6 fxe6 21.Qxe6+ Kh8 22.Qd5 Rc8
23.Bh3 Rc7 24.Bxd7 Qxd7 25.Qxd7 Rxd7 26.Nd2 Rf6 27.Ne4 Ra6 28.a4 Ra5 29.Kg2 Rc7
30.Kf3 b6 31.cxb6 axb6 32.Rb1 Rc6 33.Rb4 Rf5+ 34.Ke2 g5 35.h3 Kg7 36.Rb5 Kg6
37.Kd2 Rxb5 38.axb5 h5 39.Kc2 g4 40.h4 Rc8 41.Ng5  1/2-1/2

[Event "15th Metropolitan IM"]
[Site "Los Angeles USA"]
[Date "2012.01.26"]
[Round "3"]
[White "Matikozian,A"]
[Black "Manukian,G"]
[Result "1-0"]
[WhiteElo "2414"]
[BlackElo "2303"]

1.Nf3 d5 2.g3 Nf6 3.Bg2 Bf5 4.O-O e6 5.d3 Be7 6.Nfd2 c6 7.e4 dxe4 8.dxe4 Bg6
9.Nc3 Nbd7 10.h3 h6 11.f4 Qb6+ 12.Kh1 O-O-O 13.Qe2 Bh7 14.a4 g5 15.a5 Qc7
16.Nc4 gxf4 17.Bxf4 e5 18.Be3 Kb8 19.Bf2 Nf8 20.Ra4 c5 21.Nb5 Qc6 22.Nxe5 Qe6
23.Nd3 Qc6 24.Nc3 c4 25.Ne5  1-0

[Event "Gibraltar Open"]
[Site "Caleta ENG"]
[Date "2012.01.27"]
[Round "4.62"]
[White "Mozelius,P"]
[Black "Al Tamimi,H"]
[Result "1/2-1/2"]
[WhiteElo "1869"]
[BlackElo "2237"]

1.Nf3 d5 2.g3 c6 3.Bg2 Bg4 4.h3 Bh5 5.d3 Nd7 6.Nbd2 Ngf6 7.O-O e5 8.e4 dxe4
9.Nxe4 Nxe4 10.dxe4 Bc5 11.Qe1 O-O 12.Qc3 Bxf3 13.Bxf3 Qb6 14.Rb1 a5 15.Bg4 Nf6
16.Qf3 Nxg4 17.hxg4 Rad8 18.Kg2 Rd6 19.g5 f6 20.g6 hxg6 21.b4 axb4 22.a3 b3
23.Rxb3 Qc7 24.Be3 Bxe3 25.Qxe3 c5 26.Rfb1 b6 27.Rb5 Ra8 28.g4 g5 29.Qb3+ c4
30.Qe3 Ra6 31.Rh1 Qd7 32.Qh3 Qxb5 33.Qh8+ Kf7 34.Rh7 Rd7 35.Rxg7+ Ke6 36.Qe8+ Kd6
37.Qf8+ Kc6 38.Qc8+ Kd6 39.Qf8+ Kc7 40.Rg8 Kc6 41.Qc8+ Kd6  1/2-1/2

[Event "15th Metropolitan IM"]
[Site "Los Angeles USA"]
[Date "2012.01.27"]
[Round "5"]
[White "Matikozian,A"]
[Black "Clawitter,C"]
[Result "1-0"]
[WhiteElo "2414"]
[BlackElo "2082"]

1.g3 d5 2.Nf3 Nf6 3.Bg2 e6 4.O-O c5 5.d3 Be7 6.Nbd2 b6 7.e4 Bb7 8.Re1 Qc7
9.c3 Nc6 10.a3 h6 11.h4 O-O-O 12.b4 Rhg8 13.bxc5 Bxc5 14.e5 Nd7 15.d4 Be7
16.Nb3 g5 17.h5 Rdf8 18.Nh2 Kb8 19.Ng4 Rh8 20.a4 f6 21.exf6 Nxf6 22.a5 Nxg4
23.Qxg4 Nxa5 24.Nxa5 Qxc3 25.Qxe6 Bb4 26.Qe5+ Ka8 27.Nxb7 Qxe1+ 28.Qxe1 Bxe1
29.Bxd5 Bxf2+ 30.Kg2 Bxd4 31.Na5+ Kb8 32.Nc6+ Kc8 33.Nxd4 Rh7 34.Ba3 Rd8
35.Rc1+ Kd7 36.Bc6+ Kc8 37.Be4+ Rc7 38.Rxc7+ Kxc7 39.Ne6+  1-0

[Event "17th HIT Open A"]
[Site "Nova Gorica SLO"]
[Date "2012.01.27"]
[Round "1"]
[White "Furlan,Ales"]
[Black "Laco,Igor"]
[Result "0-1"]
[WhiteElo "2029"]
[BlackElo "1600"]

1.Nf3 d5 2.g3 Nf6 3.Bg2 c5 4.O-O Nc6 5.d3 e5 6.Nbd2 Bd6 7.e4 d4 8.a4 Be6
9.h3 h6 10.Nh4 g6 11.Nc4 Bc7 12.Qe2 Qd7 13.Kh2 O-O-O 14.b3 g5 15.Nf5 Bxf5
16.exf5 Qxf5 17.Ba3 Rhe8 18.Bxc6 bxc6 19.Nd2 e4 20.dxe4 Nxe4 21.Nxe4 Rxe4
22.Qa6+ Kd7 23.Rad1 Rh4 24.Kg2 Qxh3+ 25.Kf3 Re8 26.Bc1 g4+  0-1

[Event "ch-Paracin 2012"]
[Site "Paracin SRB"]
[Date "2012.01.27"]
[Round "6.10"]
[White "Zajic,Milan"]
[Black "Gagic,M"]
[Result "1/2-1/2"]
[WhiteElo "2142"]
[BlackElo "1883"]

1.Nf3 d5 2.g3 Nf6 3.Bg2 e6 4.O-O b5 5.d3 Bb7 6.Nbd2 Nbd7 7.e4 dxe4 8.Ng5 Rb8
9.Ndxe4 Be7 10.Qe2 O-O 11.f4 h6 12.Nf3 Nxe4 13.dxe4 Bc5+ 14.Kh1 Qe7 15.e5 b4
16.Nd2 Bxg2+ 17.Kxg2 Nb6 18.Ne4 Nd5 19.Bd2 Rfd8 20.Rad1 Rd7 21.Bc1 Rbd8 22.Rd3 a5
23.g4 a4 24.g5 g6 25.gxh6 Kh7 26.Rg3 a3 27.bxa3 Nc3 28.Nxc3 bxc3 29.Rxc3 Bd4
30.Rc4 Bb2 31.Be3 Qxa3 32.Rc6 Qxa2 33.Qc4 Qa8 34.Kg3 Bd4 35.Bxd4 Rxd4 36.Qc5 R4d5
37.Qc3 Rd2 38.Rf3 Qa7 39.Qe3 Qb7  1/2-1/2

[Event "ch-Belgrade 2012"]
[Site "Belgrade SRB"]
[Date "2012.01.28"]
[Round "7.14"]
[White "Pucarevic,M"]
[Black "Nikolic,Br"]
[Result "1-0"]
[WhiteElo "2237"]
[BlackElo "2076"]

1.Nf3 d5 2.g3 Nf6 3.Bg2 c5 4.O-O Nc6 5.d3 e5 6.c3 Bf5 7.a3 a5 8.a4 Qd7 9.Na3 Be7
10.Nd2 Bh3 11.e4 h5 12.f3 O-O-O 13.Qe2 g5 14.exd5 Nxd5 15.Nac4 f6 16.Ne4 Kb8
17.Rd1 Bxg2 18.Qxg2 g4 19.fxg4 hxg4 20.Qf2 b6 21.Rf1 Rh5 22.b4 f5 23.b5 fxe4
24.bxc6 Qxc6 25.dxe4 Nxc3 26.Qb2 Nxe4 27.Nxe5 Qe6 28.Bf4 Ka7 29.Rad1 Rd4
30.Rxd4 cxd4 31.Qb5 Kb7 32.Qe8 Nf6 33.Qb5 Bc5 34.Nd3 Qc6 35.Qb3 Nd5 36.Bd2 Rh7
37.Bxa5 Re7 38.Bd2 Ne3 39.Rf2 Ka6 40.Qg8 Qe4 41.Nxc5+ bxc5 42.Qc8+ Ka7 43.Qxc5+ Kb7
44.Qb4+ Ka7 45.Qa5+ Kb7 46.Qb5+ Ka7 47.a5 Nd5 48.Rf8 Qe5 49.Qc5+ Kb7 50.Qc8+  1-0

[Event "TCh-CAT 2012"]
[Site "Catalunya ESP"]
[Date "2012.01.28"]
[Round "1.4"]
[White "Vidarte Morales,A"]
[Black "Mellado Trivino,J"]
[Result "1/2-1/2"]
[WhiteElo "2327"]
[BlackElo "2435"]

1.Nf3 d5 2.g3 Bg4 3.Bg2 Nd7 4.O-O c6 5.d3 Ngf6 6.c4 e6 7.cxd5 cxd5 8.Be3 Bxf3
9.Bxf3 Bc5 10.Bxc5 Nxc5 11.b4 Ncd7 12.Nd2 a5 13.Qb3 O-O 14.Rfc1 axb4 15.Qxb4 Qa5
16.a3 Ne5 17.Qb2 Nfd7 18.d4 Nxf3+ 19.Nxf3 b5 20.Rab1 Rfb8 21.Ne5 Nxe5 22.dxe5 Qxa3
23.Qxa3 Rxa3 24.Rxb5 Raa8 25.Rxb8+ Rxb8 26.f4 g5 27.Kf2 Kg7 28.Rc7 gxf4 29.gxf4 Kg6
30.Rd7 h5 31.Kf3 Rb3+ 32.e3 Rb2 33.h3 Rb1 34.Ra7 Rf1+ 35.Kg2 Rd1 36.Kf3 Rd2
37.Rd7 Rh2 38.Kg3 Rh1 39.Kg2 Rc1 40.Kf3 Rc8 41.Ra7 Rc4 42.Rd7 Ra4 43.Rb7 d4
44.exd4 Rxd4 45.h4 Rd3+ 46.Kg2 Rd2+ 47.Kg3 Rd1 48.Kg2 Rd3 49.Ra7 Rb3 50.Rc7 Rd3
51.Ra7 f6 52.exf6 Kxf6 53.Rh7 Kg6 54.Rh8 Kf5 55.Rh6 Kg4 56.Rxe6 Rd2+ 57.Kg1 Kxf4
58.Rg6 Rd1+ 59.Kg2 Rd2+ 60.Kg1 Rd1+ 61.Kg2 Rd2+ 62.Kg1 Rd1+  1/2-1/2

[Event "ch-TUR 2012"]
[Site "Kemer TUR"]
[Date "2012.01.28"]
[Round "2"]
[White "Buyukasik,D"]
[Black "Sahin,Oz"]
[Result "1-0"]
[WhiteElo "1986"]
[BlackElo "1802"]

1.Nf3 d5 2.g3 c5 3.d4 Nc6 4.Bg2 Nf6 5.O-O e6 6.c4 dxc4 7.Qa4 Bd7 8.dxc5 Bxc5
9.Qxc4 Qb6 10.Nc3 Na5 11.Qh4 O-O 12.Ne5 Rad8 13.Nxd7 Rxd7 14.Na4 Qb4 15.Nxc5 Qxc5
16.b4 Qc3 17.Bg5 Nc6 18.Bxc6 bxc6 19.Rac1 Qd4 20.Qxd4 Rxd4 21.Be3 Re4 22.a3 Nd5
23.Bxa7 Rxe2 24.Rxc6 Ra2 25.b5 Ne7 26.Rc3 Rb2 27.a4 Ra8 28.Rfc1 h6 29.b6 Nd5
30.Rc6 Ne7 31.Rc7 Nd5 32.b7  1-0

[Event "15th Metropolitan IM"]
[Site "Los Angeles USA"]
[Date "2012.01.28"]
[Round "7"]
[White "Matikozian,A"]
[Black "Gupta,Ank"]
[Result "1-0"]
[WhiteElo "2414"]
[BlackElo "2175"]

1.Nf3 d5 2.g3 c6 3.Bg2 Nf6 4.O-O Bf5 5.d3 h6 6.Nfd2 e6 7.e4 dxe4 8.dxe4 Bh7
9.Nc3 Be7 10.h3 O-O 11.f4 Qb6+ 12.Kh1 Rd8 13.Qe2 Na6 14.g4 Nb4 15.Nc4 Qa6
16.b3 c5 17.f5 Nc6 18.a4 Nd4 19.Qf2 b5 20.axb5 Qxa1 21.Bb2 Qxf1+ 22.Bxf1 Nd7
23.Bd3 Rab8 24.Qg3 Nxb5 25.Nxb5 Rxb5 26.Qc7 Rbb8 27.Na5 Rbc8 28.Qb7 Rb8 29.Qa6 Bf6
30.Bxf6 Nxf6 31.Qxa7 exf5 32.gxf5 Re8 33.Nc6 Ra8 34.Qxc5 Nxe4 35.Ne7+ Rxe7
36.Qxe7 Nf2+ 37.Kg2 Nxd3 38.Qe4 Rd8 39.cxd3 g6 40.Qe7  1-0

[Event "Moscow Open 2012 A"]
[Site "Moscow RUS"]
[Date "2012.01.28"]
[Round "1.12"]
[White "Lysyj,I"]
[Black "Lugovskoy,M"]
[Result "1-0"]
[WhiteElo "2633"]
[BlackElo "2376"]

1.Nf3 d5 2.g3 Nf6 3.Bg2 e6 4.c4 Be7 5.d4 O-O 6.Nc3 c6 7.O-O Nbd7 8.Qd3 b6
9.b3 Bb7 10.Bb2 c5 11.cxd5 Nxd5 12.Nxd5 Bxd5 13.Rfd1 cxd4 14.Nxd4 Nc5 15.Qe3 Bg5
16.f4 Bf6 17.Bf3 Qd7 18.Rac1 Rfd8 19.g4 g6 20.Nxe6 Bxb2 21.Nxd8 Bxc1 22.Qxc1 Rxd8
23.Rxd5 Qe7 24.Rxd8+ Qxd8 25.Qc3 Ne6 26.Qe5 Qd2 27.f5 Nf4 28.Qe8+ Kg7 29.Qe5+ Kg8
30.Kf1 Qd1+ 31.Kf2 Qd2 32.Kf1 Qd1+ 33.Kf2 Qd2 34.Qe8+ Kg7 35.Qe7 Nd3+ 36.Kg2 Ne1+
37.Kg3 gxf5 38.gxf5 Nxf3 39.exf3 Qd4 40.Qg5+ Kf8 41.Qf4 Qf6 42.Kg4 h6 43.b4 Kg7
44.b5 Kh7 45.a4 Kg7 46.h4 Kh7 47.Kh5 Kg7 48.Qe4 Qd6 49.Qc6 Qd2 50.f6+ Kh7
51.Qe4+  1-0

[Event "Moscow Open 2012 A"]
[Site "Moscow RUS"]
[Date "2012.01.28"]
[Round "1.47"]
[White "Davydov,S1"]
[Black "Bogdanovich,S"]
[Result "0-1"]
[WhiteElo "2307"]
[BlackElo "2513"]

1.Nf3 d5 2.g3 Nf6 3.Bg2 c6 4.O-O Bg4 5.h3 Bh5 6.d3 Nbd7 7.Nbd2 e5 8.e4 dxe4
9.dxe4 Be7 10.b3 O-O 11.Bb2 Qc7 12.Qe2 b5 13.a4 a6 14.g4 Bg6 15.Nh4 Rfd8
16.Nf5 Bb4 17.Rfd1 Ne8 18.Nf3 f6 19.g5 Nf8 20.gxf6 gxf6 21.Nh6+ Kh8 22.Ng4 Bd6
23.Nh4 Ne6 24.Qf3 Bh5 25.Nf5 Bc5 26.Rxd8 Rxd8 27.axb5 axb5 28.Rd1 Rxd1+ 29.Qxd1 Bg6
30.Qa1 Kg8 31.Nxf6+ Nxf6 32.Bxe5 Qb6 33.Bxf6 Bxf2+ 34.Kh1 Bc5 35.Nh6+ Kf8
36.Qa8+ Be8 37.Nf5 Qc7 38.Qa1 Bg6 39.Be5 Qd8 40.Qf1 Ke8 41.Ng7+ Nxg7 42.Bxg7 Qd2
43.c3 Qe3 44.b4 Bb6 45.e5 Kd7 46.Kh2 Kc7 47.Qf3 Qg1+ 48.Kg3 Qe1+ 49.Kg4 Be8
50.Qf4 Qd1+ 51.Qf3 Qd7+  0-1

[Event "Moscow Open Women 2012"]
[Site "Moscow RUS"]
[Date "2012.01.28"]
[Round "1.21"]
[White "Timofeeva,Ekaterina"]
[Black "Paramzina,A"]
[Result "1-0"]
[WhiteElo "2277"]
[BlackElo "1902"]

1.Nf3 d5 2.g3 Bg4 3.Bg2 Nf6 4.c4 e6 5.O-O c6 6.b3 Nbd7 7.Bb2 Bd6 8.d3 O-O
9.Qc2 e5 10.e4 Bxf3 11.Bxf3 d4 12.Nd2 Bb4 13.Bg2 Bxd2 14.Qxd2 c5 15.Qe2 a5
16.Bc1 a4 17.Rb1 axb3 18.Rxb3 b6 19.f4 h6 20.Bh3 Ra6 21.a3 Re8 22.Rf2 exf4
23.gxf4 Nf8 24.Rg2 Kh8 25.Bf5 g6 26.Bh3 Nh5 27.Qf2 Nh7 28.Rb1 Rg8 29.Kh1 Ra8
30.Bb2 g5 31.fxg5 hxg5 32.Bf5 Nf4 33.Rg3 Nf6 34.Rbg1 N6h5 35.Rf3 Qd6 36.Bc1 Rg7
37.Bg4 Rag8 38.Bxh5 Nxh5 39.Rxf7 Rg6 40.Qf3 Nf4 41.Bxf4 gxf4 42.Rxg6 Rxg6
43.Qh3+  1-0

[Event "ch-Paracin 2012"]
[Site "Paracin SRB"]
[Date "2012.01.28"]
[Round "7.17"]
[White "Miskovic,Lazar"]
[Black "Djuretanovic,I"]
[Result "0-1"]
[WhiteElo "1621"]
[BlackElo "2063"]

1.Nf3 d5 2.g3 Nd7 3.Bg2 e5 4.d3 f5 5.O-O Bd6 6.e4 dxe4 7.dxe4 fxe4 8.Ng5 Ngf6
9.Nxe4 Nxe4 10.Bxe4 O-O 11.Qd3 h6 12.Be3 Nf6 13.Nd2 Nxe4 14.Qxe4 Kh8 15.Kg2 Bf5
16.Qxb7 Rb8 17.Qxa7 Rxb2 18.c3 Qe8 19.h3 Qc6+ 20.Kh2 Ra8  0-1

[Event "TCh-BEL 2011-12"]
[Site "Belgium BEL"]
[Date "2012.01.29"]
[Round "7.1"]
[White "Czebe,A"]
[Black "Goloshchapov,A"]
[Result "0-1"]
[WhiteElo "2513"]
[BlackElo "2580"]

1.Nf3 d5 2.g3 c6 3.Bg2 Bg4 4.c4 e6 5.Qb3 Qb6 6.Qxb6 axb6 7.d3 Na6 8.O-O Nf6
9.Be3 Bc5 10.Bxc5 bxc5 11.Nbd2 Ke7 12.a3 Nd7 13.e4 dxc4 14.dxc4 e5 15.Nh4 g6
16.f4 f6 17.Bf3 Be6 18.Be2 Nc7 19.Ndf3 Rhd8 20.Rf2 Ne8 21.Ng2 Nd6 22.Nd2 Bg8
23.Ne3 Rf8 24.Ng4  0-1

[Event "Gibraltar Open"]
[Site "Caleta ENG"]
[Date "2012.01.29"]
[Round "6.37"]
[White "Arvola,B"]
[Black "Krush,I"]
[Result "1/2-1/2"]
[WhiteElo "2261"]
[BlackElo "2467"]

1.Nf3 d5 2.g3 Bg4 3.Bg2 Nd7 4.d4 e6 5.O-O Ngf6 6.c4 c6 7.b3 Bd6 8.Bb2 Qc7
9.Nc3 Rd8 10.h3 Bf5 11.cxd5 exd5 12.Nh4 Bg6 13.Rc1 Qb8 14.Qd2 O-O 15.Nxg6 hxg6
16.Qd3 Rfe8 17.e3 Re7 18.Rfe1 Rde8 19.Re2 Ne4 20.Nxe4 dxe4 21.Qb1 Nf6 22.Bc3 g5
23.b4 a6 24.a4 b5 25.Be1 Qb7 26.Rec2 Rc7 27.axb5 axb5 28.Ra2 Qc8 29.Qc2 Qe6
30.Rca1 Nd5 31.Ra8 f5 32.g4 g6 33.Qe2 Nf6 34.gxf5 gxf5 35.Rxe8+ Qxe8 36.Ra6 Kg7
37.f3 Qe6 38.Qa2 Qe7 39.fxe4 Nxe4 40.Qc2 Qe6 41.Qd1 Nc3 42.Qd2 Ne4 43.Qd1 Nf6
44.Qf3 Nd5 45.Bd2 Bxb4 46.Qxd5 Qxd5 47.Bxd5 Bxd2 48.Rxc6 Bxe3+ 49.Kg2 Rxc6
50.Bxc6 b4 51.d5 Kf6 52.d6 b3 53.Ba4 b2 54.Bc2 Bb6 55.Kf3 Ke6 56.d7 Bd8 57.Bb1 f4
58.h4 Kxd7 59.Kg4 Kd6 60.Kf3 Ke5 61.hxg5 Bxg5 62.Bh7 Bd8 63.Bb1 Bb6 64.Bh7 Be3
65.Bb1 Kf6 66.Kg4 Ke5 67.Kf3 Kd4 68.Bh7 Kc3 69.Ke2 Kb3 70.Bb1 Bc1 71.Kf3 Kc3  1/2-1/2

[Event "TCh-CZE Liga1 Vychod"]
[Site "Czech Rep CZE"]
[Date "2012.01.29"]
[Round "7.7"]
[White "Senkyr,M"]
[Black "Olsar,J"]
[Result "1/2-1/2"]
[WhiteElo "2202"]
[BlackElo "2231"]

1.Nf3 d5 2.g3 Nf6 3.Bg2 c6 4.O-O Bf5 5.d3 Nbd7 6.Nbd2 e6 7.c4 h6 8.b3 Bc5
9.Bb2 O-O 10.Rc1 Qe7 11.Rc2 a5 12.Qa1 a4 13.Ne5 Nxe5 14.Bxe5 axb3 15.Nxb3 Bd6
16.e4 dxe4 17.dxe4 Bxe5 18.Qxe5 Bg6 19.Rb1 Rfd8 20.f3 b6 21.Bh3 Rd3 22.Rf2 Rad8
23.Bf1 R3d7 24.Rc2 c5 25.Nc1 Rd6 26.Ne2 Nd7 27.Qf4 f6 28.Nc3 Ne5 29.Qe3 Bh5
30.g4 Bf7 31.Be2 g5 32.h4 Ng6 33.e5 Nxe5 34.hxg5 hxg5 35.Ne4 Bg6 36.Rcb2 Bxe4
37.Qxe4 Qa7 38.f4 Nd3 39.Bxd3 Rxd3 40.Qxe6+ Qf7 41.Qxf7+ Kxf7 42.fxg5 fxg5
43.Rf2+ Kg7 44.Rxb6 R3d4 45.Rb7+ Kg8 46.Rf5 Rxg4+ 47.Kf2 Rf8 48.Rxf8+ Kxf8
49.Rc7 Rxc4 50.a4 Ke8 51.Rg7 g4 52.a5 Ra4 53.Rg5 Rxa5 54.Rxg4 Kd7 55.Rg6 Ra4
56.Ke3 Rd4 57.Rh6 Kc7 58.Rg6 Rd5 59.Ke4 Rd1 60.Ke3 Kd7 61.Rh6 c4 62.Rh4 Rd3+
63.Ke2  1/2-1/2

[Event "TCh-AUT 2 West 2011-12"]
[Site "Kufstein AUT"]
[Date "2012.01.29"]
[Round "8"]
[White "Spiesberger,G"]
[Black "Kondrak,C"]
[Result "1/2-1/2"]
[WhiteElo "2149"]
[BlackElo "2176"]

1.Nf3 d5 2.g3 e6 3.Bg2 Nf6 4.O-O Be7 5.d3 O-O 6.Nc3 a6 7.e4 c6 8.Bg5 b5 9.a3 Bb7
10.Re1 h6 11.Bxf6 Bxf6 12.e5 Be7 13.Ne2 Re8 14.c3 c5 15.d4 c4 16.Qd2 a5 17.Qf4 Nc6
18.Qg4 b4 19.Nf4 Bf8 20.Nh5 Kh8 21.Nh4 bxa3 22.bxa3 a4 23.f4 Na5 24.f5 Qg5
25.Qxg5 hxg5 26.Nf3 g4 27.Ng5 Nb3 28.Ra2 exf5 29.Nxf7+ Kg8 30.e6 Be7 31.Nf4 Ra5
32.Re5 Nc1 33.Rb2 Ba8 34.Nxd5 Bxd5 35.Rxd5 Bxa3 36.Rxa5 Bxb2 37.Rxa4 Ne2+
38.Kf2 Nxc3 39.Rxc4 Rxe6 40.Ne5 Rd6 41.Nd3 Ba1 42.Ke3 Kh7 43.Nb4 Rh6 44.Nc2 Bb2
45.Kd3 Rxh2 46.Ne3 Nb5 47.Rb4 Bxd4 48.Nxf5 Rxg2 49.Rxb5 Ba1 50.Ke4 Rf2 51.Nh4 Bf6
52.Rh5+ Kg8 53.Rf5 Ra2 54.Rf4 Bxh4 55.gxh4 g3 56.Kf3 g2 57.Rg4 Kf7 58.Rxg2 Rxg2
59.Kxg2  1/2-1/2

[Event "Moscow Open 2012 A"]
[Site "Moscow RUS"]
[Date "2012.01.29"]
[Round "2.93"]
[White "Bolychevsky,A"]
[Black "Dimukhametov,A"]
[Result "0-1"]
[WhiteElo "1882"]
[BlackElo "2327"]

1.Nf3 d5 2.g3 Nf6 3.Bg2 c5 4.O-O Nc6 5.d4 cxd4 6.Nxd4 g6 7.c4 Bg7 8.Nc3 Nxd4
9.Qxd4 dxc4 10.Qxd8+ Kxd8 11.Rd1+ Nd7 12.Bd5 e6 13.Bxc4 Ke7 14.Bg5+ Bf6 15.Bxf6+ Nxf6
16.e4 Bd7 17.Rd2 Bc6 18.f3 a6 19.e5 Nd7 20.f4 g5 21.Kf2 gxf4 22.gxf4 Rhg8
23.Rg1 b5 24.Bd3 Rxg1 25.Kxg1 Rg8+ 26.Kf1 f5 27.b4 Rg4 28.Rf2 Nf8 29.Ne2 Ng6
30.Ke1 Nh4 31.Kd2 Nf3+ 32.Ke3 Ne1 33.Kd2 Ng2 34.Kc3 Bd5 35.a3 Rh4 36.Kd4 Rxh2
37.Bxf5 exf5 38.Kxd5 Ne3+  0-1

[Event "ch-Paracin 2012"]
[Site "Paracin SRB"]
[Date "2012.01.29"]
[Round "9.13"]
[White "Zivkovic,Zivojin"]
[Black "Ivic,Matija"]
[Result "0-1"]
[WhiteElo "1979"]
[BlackElo "1665"]

1.Nf3 d5 2.g3 c5 3.Bg2 Nc6 4.d3 e5 5.O-O Nf6 6.Nbd2 Be7 7.e4 dxe4 8.dxe4 O-O
9.c3 h6 10.Qc2 Be6 11.Re1 Qc7 12.Nh4 Rfd8 13.Nf5 Bf8 14.b3 Rd7 15.Nf1 Rad8
16.N1e3 b5 17.Bf1 Qb7 18.Be2 g6 19.Nh4 b4 20.Bc4 Bxc4 21.bxc4 Rd3 22.Nd5 Nxd5
23.cxd5 Rxc3 24.dxc6 Qxc6 25.Qe2 Qa4 26.Ng2 Rc2 27.Qg4 Rxa2 28.Rxa2 Qxa2
29.Qh4 Rd3 30.Qf6 Bg7 31.Qc6 Rf3 32.Be3 c4 33.Qd5 Qa6 34.Rc1 c3 35.Bc5 Qa3
36.Qd1 Rd3 37.Qf1 Bf8 38.Ra1 Qb2 39.Rb1 Qc2 40.Bxf8 Kxf8 41.Rxb4 Rd1 42.Rb8+ Kg7
43.Ne1 Qxe4  0-1

[Event "Moscow Open A 2012"]
[Site "Moscow RUS"]
[Date "2012.01.30"]
[Round "3"]
[White "Bartel,Mat"]
[Black "Romanishin,O"]
[Result "1/2-1/2"]
[WhiteElo "2658"]
[BlackElo "2541"]

1.Nf3 d5 2.g3 Nf6 3.Bg2 g6 4.c4 dxc4 5.Qa4+ Qd7 6.Qxc4 Qc6 7.Na3 Qxc4 8.Nxc4 Nc6
9.d3 Bg7 10.Bd2 Nd5 11.Rc1 h6 12.d4 e6 13.e3 Ndb4 14.Nfe5 Bxe5 15.Bxb4 Nxb4
16.Nxe5 c6 17.a3 Nd5 18.h4 Bd7 19.Ke2 Ke7 20.e4 Nf6 21.f4 h5 22.Rc3 Rhd8
23.Rhc1 Be8 24.Ke3 Nd7 25.Nd3 Rab8 26.a4 a5 27.Rb3 Nf6 28.Ne5 Rdc8 29.Bf1 b6
30.Rbc3 Ng4+ 31.Nxg4 hxg4 32.Bb5 Kd8 33.Ba6 Rc7 34.e5 c5 35.dxc5 Rxc5 36.Rd3+ Ke7
37.Rxc5 bxc5 38.b3 Bc6 39.Rc3 Bd5 40.Bb5 Rc8 41.Be2 Rb8 42.Bd1 Rb4 43.Kd2 Kd7
44.Kc1 Bf3 45.Bxf3 gxf3 46.Rxf3 c4 47.Kb2 cxb3 48.Rxb3 Rxa4 49.Rb7+ Ke8 50.Rb8+ Ke7
51.Kc3 Ra1 52.Kb2 Ra4  1/2-1/2

[Event "80th ch-St Petersburg SF w"]
[Site "St Petersburg RUS"]
[Date "2012.01.30"]
[Round "3.1"]
[White "Katyshkina,A"]
[Black "Tskhadadze,A"]
[Result "1-0"]
[WhiteElo "1983"]
[BlackElo "1842"]

1.Nf3 d5 2.g3 c5 3.Bg2 Nc6 4.d4 cxd4 5.Nxd4 e5 6.Nxc6 bxc6 7.O-O Nf6 8.c4 Be6
9.Nc3 Be7 10.Bg5 e4 11.Qa4 Bd7 12.Rad1 O-O 13.Qc2 Qa5 14.Bxf6 Bxf6 15.Nxe4 Be7
16.cxd5 cxd5 17.Rxd5 Qa4 18.Qxa4 Bxa4 19.Rd4 Bc6 20.Rfd1 Rad8 21.Nd6 Bxg2
22.Kxg2 Bf6 23.R4d2 Rb8 24.b3 Rfd8 25.Ne4 Be7 26.Rxd8+ Rxd8 27.Rxd8+ Bxd8
28.Nc3 Kf8 29.Kf3 Ke7 30.Ke4 Ke6 31.Nd5 f5+ 32.Kd4 g5 33.e3 h5 34.b4 h4 35.e4 fxe4
36.Kxe4 h3 37.f4 g4 38.f5+ Kd6 39.f6 Ke6 40.a4 a6 41.a5 Kf7 42.Kf5  1-0

[Event "Gibraltar Open"]
[Site "Caleta ENG"]
[Date "2012.01.31"]
[Round "8.86"]
[White "Pietinen,P"]
[Black "Peredy,F"]
[Result "0-1"]
[WhiteElo "2008"]
[BlackElo "2180"]

1.Nf3 d5 2.g3 c6 3.Bg2 Bg4 4.O-O Nd7 5.d3 e6 6.Nbd2 Bd6 7.c4 Ne7 8.b3 O-O
9.Bb2 a5 10.a3 Bh5 11.Re1 Re8 12.Qc2 f6 13.Bc3 e5 14.cxd5 cxd5 15.Qa2 Bf7
16.Qb1 b5 17.b4 a4 18.e4 Rc8 19.Bb2 Nb6 20.Bf1 Qd7 21.d4 exd4 22.exd5 Bg6
23.Bd3 Nbxd5 24.Nxd4 Nc7 25.Ne4 Be5 26.Nc5 Qd5 27.Be4 Bxe4 28.Qxe4 Red8 29.f4 Bxd4+
30.Qxd4 Qxd4+ 31.Bxd4 Kf7 32.Rad1 Rd5 33.Bb2 Rcd8 34.Rxd5 Rxd5 35.Kf2 Nf5
36.Ke2 h5 37.Rd1 Rxd1 38.Kxd1 h4 39.Ne4 Ke6 40.Ke2 hxg3 41.hxg3 Nd6 42.Nc5+ Kd5
43.Kd3 Nc4 44.Bc1 f5 45.Nd7 Ne6 46.Ne5 Nxe5+ 47.fxe5 Kxe5  0-1

[Event "Moscow Open Women 2012"]
[Site "Moscow RUS"]
[Date "2012.01.31"]
[Round "4.26"]
[White "Enkhtuul,A"]
[Black "Alieva,N"]
[Result "1-0"]
[WhiteElo "2211"]
[BlackElo "1973"]

1.Nf3 d5 2.g3 e6 3.Bg2 Nf6 4.O-O Be7 5.c4 O-O 6.d4 b6 7.Bf4 Bb7 8.Qc2 Nh5
9.Bd2 Nd7 10.Rd1 Rc8 11.Qa4 a6 12.Ne5 Nhf6 13.Nc3 c6 14.Nxd7 Qxd7 15.Qb3 b5
16.c5 a5 17.Qc2 Ba6 18.e4 dxe4 19.Nxe4 Nxe4 20.Qxe4 a4 21.a3 Rfd8 22.Ba5 Re8
23.Re1 Bd8 24.Bc3 Bf6 25.Rad1 Qc7 26.Qg4 Qe7 27.h4 Bb7 28.h5 Rcd8 29.f4 Qc7
30.Kh2 Bc8 31.Qf3 Bd7 32.h6 gxh6 33.d5 Bxc3 34.d6 Qa5 35.bxc3 Kh8 36.Qd3 Rg8
37.Qd4+ Rg7 38.f5 Rg8 39.fxe6 fxe6 40.Bh3 Re8 41.Qf6 Qa7 42.Re5 Qb8 43.Rf1 Kg8
44.Rf4 Qc8 45.Qxh6 Rg6 46.Rg5 Rxg5 47.Qxg5+ Kh8  1-0

[Event "Moscow Open 2012 A"]
[Site "Moscow RUS"]
[Date "2012.01.31"]
[Round "4.51"]
[White "Predke,A"]
[Black "Filipenko,A"]
[Result "1/2-1/2"]
[WhiteElo "2467"]
[BlackElo "2351"]

1.Nf3 d5 2.g3 Bf5 3.Bg2 e6 4.O-O Nf6 5.c4 c6 6.cxd5 exd5 7.d3 Be7 8.Nc3 d4
9.Nb1 O-O 10.Nbd2 c5 11.b4 Nc6 12.bxc5 Bxc5 13.Bb2 Re8 14.Rc1 Bb6 15.Nc4 Bc7
16.Nxd4 Nxd4 17.Bxd4 Qxd4 18.Ne3 Rxe3 19.fxe3 Qxe3+ 20.Kh1 Bxg3 21.Rxf5 Ng4
22.Qc2 g6 23.Rf3 Nf2+ 24.Kg1 Nh3+ 25.Kh1 Nf2+ 26.Kg1 Nh3+ 27.Kh1 Nf2+ 28.Kg1  1/2-1/2

[Event "17th HIT Open A"]
[Site "Nova Gorica SLO"]
[Date "2012.01.31"]
[Round "7"]
[White "Muzzolini,C"]
[Black "Brcar,Al"]
[Result "0-1"]
[WhiteElo "1841"]
[BlackElo "1990"]

1.Nf3 d5 2.g3 Nf6 3.Bg2 Nbd7 4.O-O e5 5.d3 Bc5 6.Bg5 h6 7.Bd2 O-O 8.Qc1 Re8
9.Bxh6 gxh6 10.Qxh6 Bf8 11.Qh4 Bg7 12.Ng5 Nf8 13.Qb4 Qe7 14.Qb3 c6 15.Nd2 Ne6
16.Nxe6 Bxe6 17.c4 Rad8 18.Qa4 dxc4 19.Qxa7 cxd3 20.exd3 Rxd3 21.Nf3 Bd5
22.Nh4 Bxg2 23.Kxg2 Qd7 24.a4 e4 25.Rae1 Nd5 26.Re2 Nf4+  0-1

[Event "34th Tringov Memorial"]
[Site "Plovdiv BUL"]
[Date "2012.01.31"]
[Round "3.12"]
[White "Popchev,M"]
[Black "Nikolova,A"]
[Result "1/2-1/2"]
[WhiteElo "2463"]
[BlackElo "2296"]

1.Nf3 d5 2.g3 g6 3.Bg2 Bg7 4.O-O Nf6 5.d4 O-O 6.c4 c6 7.cxd5 cxd5 8.Nc3 Nc6
9.Ne5 a6 10.Nxc6 bxc6 11.b3  1/2-1/2

[Event "80th ch-St Petersburg SF w"]
[Site "St Petersburg RUS"]
[Date "2012.01.31"]
[Round "4.3"]
[White "Dobronravina,Anna"]
[Black "Skafar,Darya"]
[Result "1-0"]
[WhiteElo "1687"]
[BlackElo "1738"]

1.Nf3 d5 2.g3 Nf6 3.Bg2 c6 4.O-O Bg4 5.d4 e6 6.Re1 Nbd7 7.Nbd2 Be7 8.e4 O-O
9.e5 Ne8 10.h3 Bh5 11.g4 Bg6 12.Nf1 b5 13.Ng3 a5 14.Nd2 Qb6 15.c3 c5 16.Ndf1 f6
17.exf6 Bxf6 18.dxc5 Qxc5 19.Rxe6 Bf7 20.Re1 Nc7 21.Be3 Qd6 22.Nf5 Qa6 23.Bd4 Rae8
24.Rxe8 Rxe8 25.Bxf6 Nxf6 26.N1e3 Ne4 27.Qc2 Qc6 28.Nd4 Qf6 29.Rf1 Qg5 30.Re1 Nc5
31.Qf5 Qxf5 32.Ndxf5 Nd3 33.Rb1 Nf4 34.Nd6 Rd8 35.Nxf7 Kxf7 36.Rd1 Nxg2 37.Kxg2 g6
38.f4 Ke6 39.Kf3 Kd6 40.f5 gxf5 41.Nxf5+ Ke5 42.Re1+ Kf6 43.Nd4 Rd6 44.h4 Kg6
45.h5+ Kf6 46.Kf4 a4 47.g5+ Kf7 48.Ke5 Rd8 49.Rf1+ Kg8 50.g6 hxg6 51.hxg6 Kh8
52.Rf2 Kg8 53.Rf7 Ne8 54.Ne6  1-0

[Event "80th ch-St Petersburg SF w"]
[Site "St Petersburg RUS"]
[Date "2012.01.31"]
[Round "4.6"]
[White "Tskhadadze,A"]
[Black "Toporkova,S"]
[Result "1-0"]
[WhiteElo "1842"]
[BlackElo "1643"]

1.Nf3 d5 2.g3 e6 3.Bg2 c5 4.d3 Nc6 5.O-O Nf6 6.Nbd2 Qc7 7.e4 d4 8.a4 Be7
9.Nc4 O-O 10.Bf4 Qd8 11.h4 Nh5 12.Bd2 f5 13.Nh2 Nf6 14.exf5 exf5 15.Re1 Nd5
16.f4 Rf6 17.Ne5 Be6 18.Nhf3 Nxe5 19.Nxe5 Ne3 20.Bxe3 dxe3 21.Rxe3 Qd4 22.Qc1 c4
23.c3 Qb6 24.d4 Bd6 25.Qc2 Bxe5 26.Rxe5 a6 27.Rae1 Rb8 28.Rxe6 Rxe6 29.Bd5 Re8
30.Qxf5 Qxb2 31.Rxe6  1-0